01015nam a2200265 i 4500003000900000005001700009006001900026007000300045008004100048040003000089082001500119110003500134222001800169245003200187264003600219300002800255336002700283337003300310338002800343590002700371942001400398952013300412952018700545999001700732DO-SdBNP20230928085152.0a||||fr|||| 00| 0 ta230927q1983 dr a|||| |||| 00| 0 spa d aDO-SdBNPbspacBNPHUerda 4222bU588es aUniversidad APECeautor930673 a[leyes, etc.]10aAPEC:bEstatutos generales: a[Sin lugar] :bCENAPEC,c[1983] a140 páginas :c21 cm. 2rdacontentatextobtxt 2rdamediaasin mediaciónbn 2rdacarrieravolumenbnc aInventariado 2023 / MF 2ddccLBS1 00102ddc51708PDaBNPHUbBNPHUcCTd2014-09-28eDonado por Barbara Suncarl0oU588esp2023-6510r2023-09-28w2023-09-28yLBS1 00102ddc51708PDaBNPHUbBNPHUcCTd2014-09-28eBarbara Suncarl0oU588esp2023-8246r2023-12-05te. 2w2023-09-28yLBS1zPerteneció a la biblioteca personal de Bárbara Suncar c54986d54986